| 000 | 00702nam a22001937a 4500 | ||
|---|---|---|---|
| 003 | BD-DhUL | ||
| 005 | 20160828191155.0 | ||
| 008 | 160828s1955 i ||||| |||| 001 0 b d | ||
| 040 |
_aBD-DhUL _cBD-DhUL |
||
| 082 |
_a902 _bBIP |
||
| 100 | 1 | _aমিত্র, বিশ্বেশ্বর | |
| 245 | 1 | 0 |
_aপৃথিবীর ইতিহাস প্রসঙ্গ / _cবিশ্বেশ্বর মিত্র |
| 260 |
_aকলিকাতা : _bজিজ্ঞাসা, _cc ১৯৫৫ |
||
| 300 |
_a২৪৯ পৃ. ; _c১৮ সে. মি. |
||
| 500 | _aনির্ঘন্ট সংবলিত | ||
| 650 | 0 | _aইতিহাস | |
| 650 | 0 | _aHistory | |
| 942 |
_2ddc _cBK |
||
| 999 |
_c102010 _d102010 |
||